[Event "VIE Cup"]
[Site "Bac Giang"]
[Date "2018.06.02"]
[Round "5"]
[White "Mai, Tien Huy"]
[Black "Tran, Dinh Dang Khoa"]
[Result "0-1"]
[WhiteElo "1879"]
[BlackElo "1903"]
[PlyCount "75"]
[EventDate "2018.05.30"]
[EventType "swiss"]
[EventRounds "9"]
[EventCountry "VIE"]
[SourceTitle "CBM 184 Extra"]
[Source "ChessBase"]
[SourceDate "2018.06.28"]
[SourceVersion "1"]
[SourceVersionDate "2018.06.28"]
[SourceQuality "1"]

1. e4 e6 2. Nf3 d5 3. e5 c5 4. c4 d4 5. d3 Nc6 6. b3 Nge7 7. Bg5 Qa5+ 8. Nbd2 Ng6 9. Qe2 Qc7 10. g3 Ngxe5 11. Nxe5 Qxe5 12. Qxe5 Nxe5 13. Bg2 Nxd3+ 14. Ke2 Ne5 15. Rhe1 f6 16. Bf4 Ng6 17. Kf1 Kf7 18. Ne4 Nxf4 19. gxf4 Be7 20. Ng3 g6 21. Rad1 Rb8 22. Ne2 a6 23. b4 b6 24. a3 Bb7 25. Bxb7 Rxb7 26. Rb1 Rhb8 27. b5 axb5 28. Rxb5 Ra7 29. Ra1 Ra4 30. Rab1 Rxc4 31. Rxb6 Rxb6 32. Rxb6 d3 33. Ng3 Rc1+ 34. Kg2 d2 35. Rb2 d1Q 36. Ne2 Rc2 37. Rxc2 Qxc2 38. Ng3 0-1

[Event "VIE-chT"]
[Site "Ho Chi Minh City"]
[Date "2017.07.26"]
[Round "4.35"]
[White "Tran, Dinh Dang Khoa"]
[Black "Bui, Nhat Tan"]
[Result "0-1"]
[WhiteElo "2016"]
[BlackElo "1660"]
[PlyCount "60"]
[EventDate "2017.07.24"]
[EventType "team-swiss"]
[EventRounds "9"]
[EventCountry "VIE"]
[SourceTitle "EXT 2019"]
[Source "ChessBase"]
[SourceDate "2018.10.10"]
[SourceVersion "1"]
[SourceVersionDate "2018.10.10"]
[SourceQuality "1"]

1. e4 c5 2. Nc3 Nc6 3. g3 g6 4. Bg2 Bg7 5. Nge2 e6 6. d3 Nge7 7. Be3 Nd4 8. Qd2 Qb6 9. Nd1 0-0 10. 0-0 d6 11. c3 Nxe2+ 12. Qxe2 d5 13. Qd2 d4 14. Bh6 e5 15. Bxg7 Kxg7 16. c4 Be6 17. f4 f6 18. b3 Qc7 19. Nb2 Rf7 20. fxe5 Qxe5 21. Rf4 Raf8 22. Raf1 Nc6 23. h3 h5 24. Kh2 Qd6 25. a3 g5 26. R4f3 Ne5 27. R3f2 h4 28. Re2 hxg3+ 29. Kg1 Rh8 30. Qe1 Bxh3 0-1

[Event "Hanoi Pooltech op 2nd"]
[Site "Hanoi"]
[Date "2017.02.26"]
[Round "6"]
[White "Le, Quang An"]
[Black "Tran, Dinh Dang Khoa"]
[Result "1-0"]
[WhiteElo "1665"]
[BlackElo "1622"]
[PlyCount "81"]
[EventDate "2017.02.17"]
[EventType "swiss"]
[EventRounds "9"]
[EventCountry "VIE"]
[SourceTitle "CBM 177 Extra"]
[Source "ChessBase"]
[SourceDate "2017.04.27"]
[SourceVersion "1"]
[SourceVersionDate "2017.04.27"]
[SourceQuality "1"]

1. d4 d5 2. c4 e6 3. Nf3 Nf6 4. Nc3 Nbd7 5. Bg5 c6 6. cxd5 exd5 7. e3 Be7 8. Bd3 0-0 9. 0-0 Re8 10. Rb1 Nf8 11. Bxf6 Bxf6 12. b4 b6 13. Qb3 Bb7 14. Rbc1 Qd6 15. Na4 Ne6 16. b5 Rac8 17. bxc6 Bxc6 18. h3 Qd7 19. Nc3 Nc7 20. a4 g6 21. Bb5 Nxb5 22. axb5 Bb7 23. Ra1 Ra8 24. Ra2 a6 25. bxa6 Bxa6 26. Nxd5 Qe6 27. Qxb6 Bxf1 28. Nxf6+ Kf8 29. Qxe6 fxe6 30. Rxa8 Rxa8 31. Kxf1 h6 32. Ne5 Kg7 33. Ne4 Ra5 34. Nc5 Kf6 35. Ng4+ Ke7 36. Ne5 Ra1+ 37. Ke2 g5 38. Kf3 h5 39. Ne4 g4+ 40. hxg4 hxg4+ 41. Kxg4 1-0

[Event "VIE-ch U09"]
[Site "Ho Chi Minh City"]
[Date "2014.07.15"]
[Round "4"]
[White "Vu, Quoc Trung"]
[Black "Tran, Dinh Dang Khoa"]
[Result "0-1"]
[WhiteElo "1452"]
[BlackElo "1496"]
[PlyCount "120"]
[EventDate "2014.07.13"]
[EventType "swiss"]
[EventRounds "9"]
[EventCountry "VIE"]
[SourceTitle "EXT 2016"]
[Source "ChessBase"]
[SourceDate "2015.10.08"]
[SourceVersion "1"]
[SourceVersionDate "2015.10.08"]
[SourceQuality "1"]

1. d4 d5 2. c4 e6 3. Nc3 Nf6 4. Bg5 Be7 5. Nf3 c6 6. a3 Nbd7 7. e3 0-0 8. Bd3 h6 9. Bh4 b6 10. 0-0 Bb7 11. cxd5 Nxd5 12. Bxe7 Qxe7 13. Nxd5 cxd5 14. Rc1 Rac8 15. Qe2 Nb8 16. Ne5 Nc6 17. Nxc6 Rxc6 18. Bb5 Rc7 19. Qd2 Rfc8 20. Rxc7 Qxc7 21. h3 Qc2 22. Qb4 Qc7 23. Bd3 Qd7 24. Qd2 Rc7 25. Rc1 Qc8 26. Rxc7 Qxc7 27. Qc2 Qxc2 28. Bxc2 Ba6 29. b4 Bc4 30. g3 f6 31. Kg2 b5 32. Bg6 Kf8 33. Kf3 Ke7 34. Kf4 Bf1 35. h4 Be2 36. g4 Bc4 37. Kg3 e5 38. f4 e4 39. g5 fxg5 40. fxg5 hxg5 41. hxg5 Be2 42. Kh4 Ke6 43. Bh5 Bxh5 44. Kxh5 Kf5 45. Kh4 g6 46. Kh3 Kxg5 47. Kg3 a6 48. Kh3 Kh5 49. Kg3 g5 50. Kh3 g4+ 51. Kg3 Kg5 52. Kg2 Kh4 53. Kf2 Kh3 54. Kg1 g3 55. Kh1 g2+ 56. Kg1 Kg3 57. a4 bxa4 58. b5 a3 59. b6 a2 60. b7 a1Q# 0-1

[Event "VIE-ch U09"]
[Site "Ho Chi Minh City"]
[Date "2014.07.14"]
[Round "3"]
[White "Tran, Dinh Dang Khoa"]
[Black "Le, Minh Duc"]
[Result "0-1"]
[WhiteElo "1496"]
[BlackElo "1576"]
[PlyCount "142"]
[EventDate "2014.07.13"]
[EventType "swiss"]
[EventRounds "9"]
[EventCountry "VIE"]
[SourceTitle "EXT 2016"]
[Source "ChessBase"]
[SourceDate "2015.10.08"]
[SourceVersion "1"]
[SourceVersionDate "2015.10.08"]
[SourceQuality "1"]

1. e4 e5 2. Nf3 Nc6 3. Bb5 a6 4. Bxc6 dxc6 5. 0-0 Bd6 6. Nc3 Nf6 7. h3 0-0 8. d3 h6 9. Be3 Re8 10. Qd2 Kh7 11. Ne2 Be6 12. Ng3 Qd7 13. Kh2 Rad8 14. Qc3 Qc8 15. a3 Bd7 16. Qb3 b6 17. Rac1 c5 18. Qc3 a5 19. Rfd1 Bc6 20. Qd2 Qb7 21. Qe2 Bb5 22. Bd2 Bc6 23. Bc3 a4 24. Rb1 b5 25. b4 axb3 26. Rxb3 Qa6 27. Ra1 Ra8 28. Nf5 Qb7 29. a4 b4 30. Rb2 Rxa4 31. Rxa4 Bxa4 32. Bd2 Bd7 33. Nxd6 cxd6 34. Qe1 Qc7 35. Qe2 d5 36. Kh1 d4 37. Qe1 Ra8 38. Qb1 Ra6 39. Ra2 Qa7 40. Rxa6 Qxa6 41. Nxe5 Be6 42. Nf3 Qa2 43. Qxa2 Bxa2 44. Kg1 Nd7 45. Bf4 f6 46. Kf1 Kg8 47. Ke2 Kf7 48. Kd2 Ke6 49. Bc7 Ne5 50. Nh4 Kd7 51. Bxe5 fxe5 52. Nf5 g6 53. Nxh6 Be6 54. Ng4 Bxg4 55. hxg4 Ke6 56. f3 Kf6 57. g3 g5 58. Kc1 Ke6 59. Kb2 Kd7 60. Kb3 Kc7 61. Ka2 Kc6 62. Kb2 Kb6 63. Kc1 Kb5 64. Kd1 c4 65. Kd2 c3+ 66. Kd1 Ka4 67. Kc1 Ka3 68. Kb1 b3 69. Kc1 bxc2 70. Kxc2 Ka2 71. f4 gxf4 0-1